Unofficial world champions football (soccer) - Statistics

General Stats
  • This quiz has been taken 121 times
    49 since last reset
  • The average score is 192 of 228
Answer Stats
Year(s) Answer % Correct
1873-1874 | 1879-1880 | 1888-1889 | +19 others England
100%
1952-1953 | 1956 | 1957 | +4 others Brazil
98%
1941 | 1942 | 1996-1998 | +2 others Germany
98%
1983-1984 | 1992 Portugal
98%
1986 West Germany
98%
1939 | 1956 | 1978 | +6 others Italy
95%
1953-1954 | 1958 | 1959-1960 | +4 others Uruguay
95%
1955-1956 | 1956-1957 | 1957 | +12 others Argentina
93%
1969-1970 | 1977 | 1977-1978 | +4 others France
93%
1973-1974 | 1978 | 1985 | +8 others Netherlands
93%
1995-1996 | 1999-2000 Russia
93%
1942 | 1943-1945 | 1946-1947 | +5 others Sweden
93%
1950 | 1992 USA
93%
1984 | 1985 | 1986 | 1989-1990 Belgium
91%
1962-1963 Mexico
91%
1874-1879 | 1880-1888 | 1889-1891 | +17 others Scotland
91%
1961-1962 | 1972-1973 | 1986 | +2 others Spain
91%
1986 | 1989 | 2018 Denmark
89%
2010-2011 Japan
89%
1907-1908 | 1909 | 1922 | +5 others Wales
89%
2018 Croatia
86%
1903-1904 | 1914-1920 Ireland
86%
1977 | 2004 Republic of Ireland
86%
1950-1952 | 1957 | 1965-1966 | +4 others Chile
84%
1940-1941 | 1941-1942 | 1943 | +4 others Hungary
84%
1963-1965 | 1993-1994 | 1994-1995 | 2015 Colombia
82%
1992 Australia
77%
1931-1932 | 1967-1968 Austria
77%
1982 | 1989 Poland
77%
1990 | 2007-2008 Greece
75%
1995 South Korea
75%
1939-1940 | 1941 | 1942-1943 | +4 others Switzerland
75%
1971 | 1977 | 1985 Bulgaria
73%
1954-1955 | 1979 Paraguay
70%
1957 | 1981-1982 | 1982 | 2017-2018 Peru
70%
1989 | 1994 | 2000 | 2005-2006 Romania
70%
1966 | 1967 | 1968-1969 | 1983 Soviet Union
70%
2007 Turkey
70%
1957 | 1979 | 1994 | 2017 Bolivia
68%
2004 | 2005 Nigeria
66%
1927-1928 | 1933 Northern Ireland
64%
2006 Venezuela
61%
1962 | 1975-1976 Czechoslovakia
57%
1939 | 1984 | 1995 Yugoslavia
57%
1996 | 2000 | 2003-2004 Czech Republic
52%
1965 Ecuador
52%
1963 | 2014 Costa Rica
50%
1958 | 1966 | 1974-1975 | 1976-1977 West Germany
45%
2011-2013 North Korea
36%
2000 Israel
32%
2006-2007 Georgia
14%
2004-2005 Angola
9%
1963 Netherlands Antilles
2%
2005 Zimbabwe
2%
No matching quizzes found
Score Distribution
Percent of People with Each Score
Percentile by Number Answered
Your Score History
You have not taken this quiz since the last reset